| 000 | 01292nam a2200325 c 4500 | ||
|---|---|---|---|
| 003 | BLK | ||
| 005 | 20250707131601.0 | ||
| 008 | 180408b bul|||||r ||||||| ||bul|| | ||
| 010 | _aKNG00037766000 | ||
| 020 |
_a954-769-014-0 _bиздат.: Обсидиан |
||
| 040 | _aBLK | ||
| 041 |
_aBUL _cBUL |
||
| 080 |
_aАнглоканадска литература _b821.111(71) _x-31 _z821.111(71)-31 |
||
| 100 | 1 |
_aАтууд, Маргарет _eпърви автор _934782 |
|
| 700 | 1 |
_aСлавянова, Здравка Атанасова _eпрев. от англ. _9121440 |
|
| 139 |
_aАтууд, Маргарет _bА 93 |
||
| 245 | 1 | 0 |
_aСлепият убиец _bРоман _cМаргарет Атууд; прев. от англ. Здравка Атанасова Славянова. |
| 257 | _aCAN | ||
| 260 |
_аСофия _bОбсидиан _c2001 _fСофия : Балкан прес |
||
| 300 |
_a512 с. _c20 см |
||
| 380 | _aX | ||
| 500 | _aОриг. загл. The Blind Assassin / Margaret Atwood. | ||
| 653 | _aромани | ||
| 852 | _aЦб 209876 | ||
| 856 | 4 |
_qpdf _u |
|
| 856 | 4 |
_qpdf _u |
|
| 942 |
_cKNG _n0 _036 |
||
| 944 |
_aCR _c15.01.2003 _lВиолета Тройчева _k30552 |
||
| 944 |
_aED _c02.07.2015 _lф / _kЛюдмила_Стоянова |
||
| 999 |
_c35052 _d35052 |
||